00495nam a22001457a 4500003000400000082001800004100001700022245010200039260002500141300000700166653004000173942001200213952010700225999001700332SGT a617.645bI26K aKumari, Lata aIndirect pulp treatment in primary molars: 38% silver diamine fluoride with and without light cur aGurugrambSGTUc2026 a84 a Pediatric and Preventive Dentistry 2ddccTH 00102ddc4071aFDbFDcREFd2026-04-09l0o617.645 I26KpDT2649r2026-04-09 00:00:00w2026-04-09yTH c34592d34592